LEADER 02076oam 2200625 450 001 9910716059503321 005 20210512124910.0 035 $a(CKB)5470000002517509 035 $a(OCoLC)785108133$z(OCoLC)46851488$z(OCoLC)761478238 035 $a(EXLCZ)995470000002517509 100 $a20120408j196901 ua 0 101 0 $aeng 135 $aur||||||||||| 181 $ctxt$2rdacontent 182 $cc$2rdamedia 183 $acr$2rdacarrier 200 10$aAerodynamic data on large semispan tilting wing with 0.4-diameter chord, single-slotted flap, and single propeller 0.22 chord below wing /$fby Marvin P. Fink 210 1$aWashington, D.C. :$cNational Aeronautics and Space Administration,$dJanuary 1969. 215 $a1 online resource (203 pages) $cillustrations 225 1 $aNASA/TN ;$vD-5016 300 $a"January 1969." 320 $aIncludes bibliographical references (page 10). 606 $aAttitude (inclination)$2nasat 606 $aAirplanes$xWings 606 $aFlaps (Airplanes) 606 $aPropellers, Aerial 606 $aAerodynamics 606 $aAerodynamics$2fast 606 $aAirplanes$xWings$2fast 606 $aFlaps (Airplanes)$2fast 606 $aPropellers, Aerial$2fast 615 7$aAttitude (inclination) 615 0$aAirplanes$xWings. 615 0$aFlaps (Airplanes) 615 0$aPropellers, Aerial. 615 0$aAerodynamics. 615 7$aAerodynamics. 615 7$aAirplanes$xWings. 615 7$aFlaps (Airplanes) 615 7$aPropellers, Aerial. 700 $aFink$b Marvin P.$01402129 712 02$aUnited States.$bNational Aeronautics and Space Administration, 801 0$bOCLCE 801 1$bOCLCE 801 2$bTRL 801 2$bAD# 801 2$bOCLCQ 801 2$bOCLCF 801 2$bOCLCQ 801 2$bCOP 801 2$bGPO 906 $aBOOK 912 $a9910716059503321 996 $aAerodynamic data on large semispan tilting wing with 0.4-diameter chord, single-slotted flap, and single propeller 0.22 chord below wing$93471968 997 $aUNINA LEADER 01786nas 2200541-a 450 001 996204049003316 005 20240413025449.0 011 $a2047-6566 035 $a(DE-599)ZDB2038976-0 035 $a(CKB)991042728088908 035 $a(CONSER)--2001240743 035 $a(EXLCZ)99991042728088908 100 $a20010904a20019999 -a- - 101 0 $aeng 135 $aurcnu|||||||| 181 $ctxt$2rdacontent 182 $cc$2rdamedia 183 $acr$2rdacarrier 200 00$aCountry report$iUruguay 210 $aLondon $cEconomist Intelligence Unit$dc2001- 215 $a1 online resource 311 $aPrint version: Country report. (DLC) 2001240743 (OCoLC)47899512 1473-8988 517 3 $aUruguay 517 1 $aEIU Country report 606 $aEconomic indicators$zUruguay$vPeriodicals 606 $aWirtschaftslage$2stw 606 $aUruguay$2stw 606 $aParaguay$2stw 606 $aEconomic history$2fast$3(OCoLC)fst00901974 606 $aEconomic indicators$2fast$3(OCoLC)fst00901996 606 $aPolitics and government$2fast$3(OCoLC)fst01919741 607 $aUruguay$xEconomic conditions$y1973-$vPeriodicals 607 $aUruguay$xPolitics and government$y1985-$vPeriodicals 607 $aUruguay$2fast$1https://id.oclc.org/worldcat/entity/E39PBJjHdXHPxTYQvhjGMFt3Qq 608 $aPeriodicals.$2fast 615 0$aEconomic indicators 615 7$aWirtschaftslage. 615 7$aUruguay. 615 7$aParaguay. 615 7$aEconomic history. 615 7$aEconomic indicators. 615 7$aPolitics and government 712 02$aEconomist Intelligence Unit (Great Britain) 906 $aJOURNAL 912 $a996204049003316 920 $aexl_impl conversion 996 $aCountry Report$91321002 997 $aUNISA